El Partido Movimiento de Liberación Nacional: un análisis estructural /
Recoge los principales elementos ideológicos. Programaticos y políticos del anticomunismo guatemalteco, plasmados en diferentes partidos y corrientes políticas, entre 1944 y 1982 - Hace una revisión de los diversos partidos anticomunistas para desembocar en el Movimiento de Liberación Nacional (MLN)...
Đã lưu trong:
| Tác giả chính: | |
|---|---|
| Định dạng: | Luận văn |
| Được phát hành: |
San José:
Universidad de Costa Rica
|
| Các nhãn: |
Thêm thẻ
Không có thẻ, Là người đầu tiên thẻ bản ghi này!
|
MARC
| LEADER | 00000 a a2200000 04500 | ||
|---|---|---|---|
| 001 | 20773 | ||
| 003 | |||
| 040 | |||
| 090 | |a 08857.00 | ||
| 100 | |a Montenegro Ríos, Carlos Roberto | ||
| 245 | |a El Partido Movimiento de Liberación Nacional: |b un análisis estructural / |c Carlos Roberto Montenegro Ríos | ||
| 260 | |a San José: |b Universidad de Costa Rica | ||
| 300 | |a 101 páginas | ||
| 502 | |a Tesis (Magister Scientiae en Sociología) -- Universidad de Costa Rica. Sistema de Estudios de Posgrado, 1983 | ||
| 520 | |a Recoge los principales elementos ideológicos. Programaticos y políticos del anticomunismo guatemalteco, plasmados en diferentes partidos y corrientes políticas, entre 1944 y 1982 - Hace una revisión de los diversos partidos anticomunistas para desembocar en el Movimiento de Liberación Nacional (MLN), como partido que logra fundir distintas corrientes conservadoras y alcanza una consistente coherencia ideológica y una importante fuerza electoral. Esboza históricamente la génesis del vocablo anticomunismo y su entrelazamiento con una ideología partidista. Estudia los movimientos políticos que han contribuido al nacimiento (1960). Desarrollo y fortalecimiento del MLN. Examina la organización, actividad y transformaciones del MLN hasta el golpe de estado de 1982 | ||
| 999 | |c 17940 |d 17940 | ||
